Algoritmy a štruktúry údajov

Gespeichert in:
Bibliographische Detailangaben
1. Verfasser: Wirth, Niklaus
Weitere Verfasser: Fischer, Pavol
Format: Buch
Sprache:Slowakisch
Veröffentlicht: Bratislava Alfa 1988
Ausgabe:1. vyd.
Schriftenreihe:Edícia výpočtovej techniky
Tags: Tag hinzufügen
Keine Tags, Fügen Sie das erste Tag hinzu!

MARC

LEADER 00000nam a2200000 4500
001 c026406
005 20221219091351.4
041 0 |a slo 
044 |a SK 
245 1 0 |a Algoritmy a štruktúry údajov  |c Niklaus Wirth ; [Z angl. prel.] Pavol Fischer 
250 |a 1. vyd. 
264 1 |a Bratislava  |b Alfa  |c 1988 
300 |a 481 s. 
490 1 |a Edícia výpočtovej techniky 
830 0 |a Edícia výpočtovej techniky 
100 1 |a Wirth, Niklaus 
700 1 |a Fischer, Pavol